000 02128cam a2200349 a 4500
003 EG-GiCUC
005 20250223032631.0
008 201116s2020 ua d f m 000 0 eng d
040 _aEG-GiCUC
_beng
_cEG-GiCUC
041 0 _aeng
049 _aDeposite
097 _aM.Sc
099 _aCai01.17.06.M.Sc.2020.Am.E
100 0 _aAmira Shawky Mohamed
245 1 0 _aEffect of aromatherapy using classical massage on neuropathic pain among patients with diabetes mellitus /
_cAmira Shawky Mohamed ; Supervised Safaa Mohammed AbdelMotaleb , Fathi Mohammed Soliman , Hend Abdullah Elsheimy
246 1 5 _aتأثير الزيوت العطرية باستخدام التدليك الكلاسيكى على آلام الاعصاب لدى مرضى السكرى
260 _aCairo :
_bAmira Shawky Mohamed ,
_c2020
300 _a144 , (50) Leaves :
_bcharts ;
_c30cm
502 _aThesis (M.Sc.) - Cairo University - Faculty of Nursing - Department of Surgical Nursing
520 _aNeuropathic pain is complex symptom to cope with , it has strong impact on patent life. Its treatment needs combining pharmacological and nonpharmacologic therapies. Aim : was to evaluate the effect of aromatheraphy using classical message on the neuropathic pain among patient with type II diabetes mellitus. Hypotheses ; H₁ : the study group who will receive aromatheraphy using classical message will have less neuropathic pain component mean score comparing to patients in the control group who receive only conventional treatment among type II diabetes melltius patients . Setting : medical inpatient wards and the outpatient clinic of diabetes and endocrine disorders at Kasr EL-Aini Hospital Cairo University
530 _aIssued also as CD
653 4 _aAromatherapy
653 4 _aClassical massage
653 4 _aDiabetes mellitus
700 0 _aFathi Mohammed Soliman ,
_eSupervisor
700 0 _aHend Abdullah Elsheimy ,
_eSupervisor
700 0 _aSafaa Mohammed AbdelMotaleb ,
_eSupervisor
856 _uhttp://172.23.153.220/th.pdf
905 _aAmira
_eCataloger
905 _aNazla
_eRevisor
942 _2ddc
_cTH
999 _c78818
_d78818